Statistics for Every Block & Item By Version (1.16)

Click here to take the quiz!

General Stats

  • This quiz has been taken 2 times
  • The average score is 44 of 94

Answer Stats

Hint:Answer:% Correct
OreAncient Debris
100%
OreNether Gold Ore
100%
OreNetherite Ingot
100%
OreNetherite Scrap
100%
BlockBasalt
50%
BlockBlackstone
50%
Block VariantBlackstone Slab
50%
Block VariantBlackstone Stairs
50%
Block VariantBlackstone Wall
50%
OreBlock of Netherite
50%
Block VariantChiseled Nether Bricks
50%
Block VariantChiseled Polished Blackstone
50%
Block VariantCracked Nether Bricks
50%
Block VariantCracked Polished Blackstone Bricks
50%
Wood VariantCrimson Button
50%
Wood VariantCrimson Door
50%
Wood VariantCrimson Fence
50%
Wood VariantCrimson Fence Gate
50%
PlantCrimson Fungus
50%
WoodCrimson Hyphae
50%
Grass (Kinda)Crimson Nylium
50%
Wood VariantCrimson Planks
50%
Wood VariantCrimson Pressure Plate
50%
PlantCrimson Roots
50%
Wood VariantCrimson Sign
50%
Wood VariantCrimson Slab
50%
Wood VariantCrimson Stairs
50%
WoodCrimson Stem
50%
Wood VariantCrimson Trapdoor
50%
Block VariantGilded Blackstone
50%
EGGHoglin Spawn Egg
50%
BlockLodestone
50%
ToolNetherite Axe
50%
ArmorNetherite Boots
50%
ArmorNetherite Chestplate
50%
ArmorNetherite Helmet
50%
ToolNetherite Hoe
50%
ArmorNetherite Leggings
50%
ToolNetherite Pickaxe
50%
ToolNetherite Shovel
50%
ToolNetherite Sword
50%
PlantNether Sprouts
50%
EGGPiglin Spawn Egg
50%
Music DiscPigstep
50%
Block VariantPolished Basalt
50%
Block VariantPolished Blackstone
50%
Block VariantPolished Blackstone Bricks
50%
Block VariantPolished Blackstone Brick Slab
50%
Block VariantPolished Blackstone Brick Stairs
50%
Block VariantPolished Blackstone Brick Wall
50%
Block VariantPolished Blackstone Button
50%
Block VariantPolished Blackstone Pressure Plate
50%
Block VariantPolished Blackstone Slab
50%
Block VariantPolished Blackstone Stairs
50%
Block VariantPolished Blackstone Wall
50%
PlantShroomlight
50%
SoulSoul Soil
50%
EggStrider Spawn Egg
50%
Wood VariantStripped Crimson Hyphae
50%
Wood VariantStripped Crimson Stem
50%
Wood VariantStripped Warped Hyphae
50%
Wood VariantStripped Warped Stem
50%
BlockTarget
50%
PlantTwisting Vines
50%
Wood VariantWarped Button
50%
Wood VariantWarped Door
50%
Wood VariantWarped Fence
50%
Wood VariantWarped Fence Gate
50%
PlantWarped Fungus
50%
IdkWarped Fungus on a Stick
50%
Wood VariantWarped Hyphae
50%
Grass(Kinda)Warped Nylium
50%
Wood VariantWarped Planks
50%
Wood VariantWarped Pressure Plate
50%
PlantWarped Roots
50%
Wood VariantWarped Sign
50%
Wood VariantWarped Slab
50%
Wood VariantWarped Stairs
50%
PlantWarped Stem
50%
Wood VariantWarped Trapdoor
50%
Leaves (Kinda)Warped Wart Block
50%
PlantWeeping Vines
50%
EggZombified Piglin Spawn Egg
50%
BlockChain
0%
Block VariantCrying Obsidian
0%
ItemLodestone Compass
0%
EGGPiglin Brute Spawn Egg
0%
OreQuartz Bricks
0%
BlockRespawn Anchor
0%
Banner PatternSnout Banner Battern
0%
SoulSoul Campfire
0%
SoulSoul Lantern
0%
SoulSoul Torch
0%
EggZoglin Spawn Egg
0%

Score Distribution

Percentile by Number Answered

Percent of People with Each Score

Your Score History

You have not taken this quiz